|
|
|
|
| LEADER |
00000cam a2200000 7i4500 |
| 001 |
0000031071 |
| 005 |
20250801.0 |
| 008 |
250623 |
| 040 |
|
|
|a INS
|b eng
|c INS
|e rda
|
| 090 |
0 |
0 |
|a RHD890.6.Z63
|b .L36
|
| 110 |
1 |
|
|a Institut Penilaian Negara (INSPEN)
|
| 245 |
0 |
0 |
|a Laporan Pasaran Harta :
|b Property market report 2024
|c Pusat Maklumat Harta Tanah Negara(NAPIC)
|
| 246 |
1 |
1 |
|a Property market report
|
| 264 |
|
1 |
|a Putrajaya :
|b Pusat Maklumat Harta Tanah negara(NAPIC),Jabatan Penilaian dan Perkhidmatan Harta,
|c 2024
|
| 300 |
|
|
|a v.: :
|b col.ill.,folded charts,maps; ;
|c 30cm.
|
| 310 |
|
|
|a Annual
|
| 336 |
|
|
|a text
|2 rdacontent
|
| 337 |
|
|
|a unmediated
|2 rdamedia
|
| 338 |
|
|
|a volume
|2 rdacarrier
|
| 546 |
|
|
|a In Malay and English
|
| 650 |
|
0 |
|a Real estate business--
|z Malaysia--
|v Periodicals
|
| 650 |
|
0 |
|a Real property--
|x Prices--
|z Malaysia--
|v Periodicals
|
| 710 |
0 |
|
|a Jabatan Penilaian dan Perkhidmatan Harta
|
| 998 |
0 |
0 |
|a SER0008131
|
| 999 |
|
|
|a SER0008131
|b BOOK
|c Serials
|e Default branch
|